ბათუმის შოთა რუსთაველის სახელმწიფო უნივერსიტეტის ბიბლიოთეკა

პატარა საუნჯე : ქართველ მწერალთა საბავშვო ნაწარმოებები 2 ტომად. ტ.2 (ბიბ.ჩანაწერი № 48442)

000 -LEADER
fixed length control field 00806nam a2200205Ia 4500
001 - CONTROL NUMBER
control field 15334
003 - CONTROL NUMBER IDENTIFIER
control field GE_BSU
008 - FIXED-LENGTH DATA ELEMENTS--GENERAL INFORMATION
fixed length control field 181216s||||||||xx |||||||||||||| ||und||
040 ## - CATALOGING SOURCE
Transcribing agency GE_BSU
080 ## - UNIVERSAL DECIMAL CLASSIFICATION NUMBER
Universal Decimal Classification number 82-93:821.353.1
245 ## - TITLE STATEMENT
Title პატარა საუნჯე : ქართველ მწერალთა საბავშვო ნაწარმოებები 2 ტომად. ტ.2
245 ## - TITLE STATEMENT
Statement of responsibility, etc. რედ.:ე.ვირსალაძე,ნ.ალანია
260 ## - PUBLICATION, DISTRIBUTION, ETC.
Place of publication, distribution, etc. თბილისი
260 ## - PUBLICATION, DISTRIBUTION, ETC.
Name of publisher, distributor, etc. ნაკადული
260 ## - PUBLICATION, DISTRIBUTION, ETC.
Date of publication, distribution, etc. 1962
300 ## - PHYSICAL DESCRIPTION
Extent 270გვ.22სმ.
653 ## - INDEX TERM--UNCONTROLLED
Uncontrolled term პატარა საუნჯე
653 ## - INDEX TERM--UNCONTROLLED
Uncontrolled term ქართველ მწერალთა საბავშვო ნაწარმოებები
942 ## - ADDED ENTRY ELEMENTS (KOHA)
Koha item type წიგნი
ეგზემპლარები
Withdrawn status Lost status Damaged status Not for loan Date acquired Barcode Date last seen Price effective from Koha item type Public note
        2018-12-17 37877 2018-12-17 2018-12-17 წიგნი  
        2018-12-17 41387 2018-12-17 2018-12-17 წიგნი აგრარული ტექ.ფაკ.
        2018-12-17 41388 2018-12-17 2018-12-17 წიგნი აგრარული ტექ.ფაკ.